UBT Library

Environmental studies / (Record no. 41319)

000 -LEADER
fixed length control field 00913cam a22002897a 4500
001 - CONTROL NUMBER
control field 15239422
005 - DATE AND TIME OF LATEST TRANSACTION
control field 20180131033816.0
008 - FIXED-LENGTH DATA ELEMENTS--GENERAL INFORMATION
fixed length control field 080329s2009 nyua b 001 0 eng d
010 ## - LIBRARY OF CONGRESS CONTROL NUMBER
LC control number 2008272888
020 ## - INTERNATIONAL STANDARD BOOK NUMBER
International Standard Book Number 9780073527581 (pbk.)
020 ## - INTERNATIONAL STANDARD BOOK NUMBER
International Standard Book Number 0073527580 (pbk.)
035 ## - SYSTEM CONTROL NUMBER
System control number (OCoLC)ocn176922487
040 ## - CATALOGING SOURCE
Original cataloging agency BTCTA
Transcribing agency BTCTA
Modifying agency BAKER
-- KUT
-- DLC
041 ## - LANGUAGE CODE
Language code of text/sound track or separate title eng
042 ## - AUTHENTICATION CODE
Authentication code lccopycat
080 ## - UNIVERSAL DECIMAL CLASSIFICATION NUMBER
Universal Decimal Classification number 363.7 tho
082 00 - DEWEY DECIMAL CLASSIFICATION NUMBER
Classification number 363.7 tho
Edition number 22
100 ## - Rafti
Rafti 48
101 ## - Shkurtesa
Shkurtesa edu
245 00 - TITLE STATEMENT
Title Environmental studies /
Statement of responsibility, etc edited by Thomas A. Easton.
246 18 - VARYING FORM OF TITLE
Title proper/short title Classic edition sources :
Remainder of title environmental studies
246 1# - VARYING FORM OF TITLE
Title proper/short title Sources :
Remainder of title environmental studies
504 ## - BIBLIOGRAPHY, ETC. NOTE
Bibliography, etc Includes bibliographical references and index.
906 ## - LOCAL DATA ELEMENT F, LDF (RLIN)
a 7
b cbc
c copycat
d 2
e ncip
f 20
g y-gencatlg
942 ## - ADDED ENTRY ELEMENTS (KOHA)
Source of classification or shelving scheme
Item type Books
Holdings
Withdrawn status Lost status Source of classification or shelving scheme Damaged status Not for loan Collection code Permanent location Current location Shelving location Date acquired Total Checkouts Full call number Barcode Date last seen Price effective from Koha item type
          Koleksioni i përgjithshem UBT - Lipjan UBT - Lipjan Koleksioni i përgjithshem 01/31/2018   363.7 tho 002-2996875 01/31/2018 01/31/2018 Books
UBT Library © 2015-2024. All rights reserved University Education for Business and Technology